| 000 | 00414nam a2200157Ia 4500 | ||
|---|---|---|---|
| 008 | 230917s9999||||xx |||||||||||||| ||und|| | ||
| 040 |
_e129232 _aMAIN |
||
| 041 | _aEnglish | ||
| 082 | _a519.2 C459P | ||
| 100 | _aChow, Yuan Shih | ||
| 245 | 0 | _aProbability theory: Independence, in terchangeability, martingales. | |
| 250 | _a3rd ed. | ||
| 260 |
_aNew York _bSpringer _c1997 |
||
| 300 | _a488 p. | ||
| 942 | _cBK | ||
| 999 |
_c149497 _d149497 |
||